[Event "World Amateur-ch U2000"]
[Site "Muscat"]
[Date "2023.11.08"]
[Round "7.9"]
[White "Ranjith, RK."]
[Black "Ebenezer, Joseph"]
[Result "0-1"]
[WhiteElo "1718"]
[BlackElo "1831"]
[PlyCount "48"]
[EventDate "2023.11.02"]
[EventType "swiss"]
[EventRounds "9"]
[EventCountry "OMN"]
[SourceTitle "CB46_2023"]
[SourceDate "2023.11.15"]
[SourceVersion "1"]
[SourceVersionDate "2023.11.15"]
[SourceQuality "1"]

1. Nc3 e6 2. d4 d5 3. Bf4 Bb4 4. Qd3 Nf6 5. 0-0-0 0-0 6. f3 c5 7. dxc5 Nbd7 8. e4 Qa5 9. Bd6 Nxc5 10. Qd4 Nb3+ 11. cxb3 Bxd6 12. e5 Bc5 13. Qh4 Nd7 14. Bd3 h6 15. f4 d4 16. Ne4 Qxa2 17. Bc2 b6 18. Nf6+ Nxf6 19. exf6 Ba6 20. Qg4 Qa1+ 21. Bb1 g6 22. Ne2 Rfc8 23. Kd2 Bb4+ 24. Nc3 Qxb2+ 0-1

[Event "World Amateur-ch U2000"]
[Site "Muscat"]
[Date "2023.11.07"]
[Round "6.16"]
[White "Ebenezer, Joseph"]
[Black "Tuguldur, Soninbayar"]
[Result "1-0"]
[WhiteElo "1831"]
[BlackElo "1686"]
[PlyCount "87"]
[EventDate "2023.11.02"]
[EventType "swiss"]
[EventRounds "9"]
[EventCountry "OMN"]
[SourceTitle "CB46_2023"]
[SourceDate "2023.11.15"]
[SourceVersion "1"]
[SourceVersionDate "2023.11.15"]
[SourceQuality "1"]

1. e4 c5 2. Nc3 Nc6 3. g3 g6 4. Bg2 Bg7 5. d3 d6 6. Be3 e6 7. Qd2 Rb8 8. h4 h5 9. Nh3 Nge7 10. 0-0 b5 11. a3 a5 12. Rae1 b4 13. axb4 axb4 14. Nd1 Bd7 15. f4 0-0 16. c3 bxc3 17. bxc3 Qa5 18. f5 exf5 19. Bh6 Ne5 20. Bxg7 Kxg7 21. Ne3 fxe4 22. dxe4 Bxh3 23. Bxh3 Qb6 24. Nf5+ gxf5 25. Qg5+ N7g6 26. exf5 f6 27. Qxh5 Ne7 28. Rf4 c4+ 29. Kf1 Rg8 30. Rg4+ Kf8 31. Qh6+ Ke8 32. Rxg8+ Nxg8 33. Qg7 Ne7 34. Qxf6 Qb7 35. Bg2 Qc7 36. Qg7 Kd8 37. f6 Nf5 38. Qh8+ Kd7 39. Qh7+ Kd8 40. Qxf5 Rb2 41. Rxe5 dxe5 42. f7 Rb1+ 43. Qxb1 Qxf7+ 44. Kg1 1-0

[Event "Asia-ch Seniors"]
[Site "Tagaytay City"]
[Date "2023.10.17"]
[Round "4"]
[White "Nadera, Barlo A"]
[Black "Ebenezer, Joseph"]
[Result "1-0"]
[WhiteElo "2168"]
[BlackElo "1807"]
[PlyCount "75"]
[EventDate "2023.10.15"]
[EventType "swiss"]
[EventRounds "9"]
[EventCountry "PHI"]
[SourceTitle "Mega2024 Update 01"]
[Source "Chessbase"]
[SourceDate "2023.11.12"]
[SourceVersion "1"]
[SourceVersionDate "2023.11.12"]
[SourceQuality "1"]

1. d4 Nf6 2. c4 g6 3. Nc3 Bg7 4. e4 d6 5. Be2 e5 6. d5 0-0 7. g4 Ne8 8. h4 f5 9. h5 f4 10. f3 Bf6 11. Kd2 Bh4 12. Qf1 g5 13. Kc2 c6 14. a3 Qb6 15. Rh2 a5 16. b3 Na6 17. Na4 Qa7 18. Bd2 Nc5 19. Nxc5 Qxc5 20. Kb2 Bd7 21. Rc1 Nc7 22. Bd3 Qb6 23. Ne2 Na6 24. Bc2 Nc5 25. Ka2 Qa6 26. Nc3 a4 27. b4 Nb3 28. Rb1 Nxd2 29. Rxd2 Rfd8 30. dxc6 Qxc6 31. Bd3 Be6 32. Nd5 Kf7 33. Kb2 Bg3 34. Rc1 b6 35. Qg1 Rab8 36. Be2 Rb7 37. Nc3 Bxc4 38. b5 1-0

[Event "Asia-ch Seniors"]
[Site "Tagaytay City"]
[Date "2023.10.15"]
[Round "1"]
[White "Ebenezer, Joseph"]
[Black "Hamdani, Rudin"]
[Result "0-1"]
[WhiteElo "1807"]
[BlackElo "2295"]
[PlyCount "64"]
[EventDate "2023.10.15"]
[EventType "swiss"]
[EventRounds "9"]
[EventCountry "PHI"]
[SourceTitle "Mega2024 Update 01"]
[Source "Chessbase"]
[SourceDate "2023.11.12"]
[SourceVersion "1"]
[SourceVersionDate "2023.11.12"]
[SourceQuality "1"]

1. e4 c5 2. Nc3 Nc6 3. g3 g6 4. Bg2 Bg7 5. d3 Rb8 6. Be3 Nd4 7. Qd2 d6 8. f4 e6 9. Nf3 Ne7 10. 0-0 b5 11. Nh4 0-0 12. Bf2 f5 13. Nf3 b4 14. Nd1 a5 15. c3 Nxf3+ 16. Bxf3 fxe4 17. dxe4 e5 18. Be3 Bh3 19. Re1 Be6 20. Nf2 bxc3 21. bxc3 Qc7 22. Bg4 Qd7 23. Be2 Qc6 24. fxe5 Bxe5 25. Bh6 Bg7 26. Bxg7 Kxg7 27. Rad1 Rbd8 28. c4 Qc7 29. Qc3+ Kg8 30. Ng4 Bxg4 31. Bxg4 h5 32. Be6+ Kh7 0-1

[Event "Asian-ch Seniors 50"]
[Site "Auckland"]
[Date "2022.10.21"]
[Round "8"]
[White "Ebenezer, Joseph"]
[Black "Press, Shaun"]
[Result "1/2-1/2"]
[WhiteElo "1821"]
[BlackElo "1938"]
[PlyCount "130"]
[EventDate "2022.10.15"]
[EventType "swiss"]
[EventRounds "9"]
[EventCountry "NZL"]
[SourceTitle "EXT 2024"]
[Source "ChessBase"]
[SourceDate "2023.10.10"]
[SourceVersion "1"]
[SourceVersionDate "2023.10.10"]
[SourceQuality "1"]

1. e4 e5 2. Nf3 Nc6 3. Bc4 Nf6 4. Ng5 d5 5. exd5 Na5 6. Bb5+ c6 7. dxc6 bxc6 8. Be2 h6 9. Nf3 e4 10. Ne5 Bc5 11. c3 Bd6 12. d4 exd3 13. Nxd3 Qc7 14. Nd2 0-0 15. b4 Nb7 16. Nf3 Re8 17. 0-0 Bg4 18. h3 Bh5 19. Nd4 Bg6 20. Bf3 Nd5 21. Bxd5 cxd5 22. Bb2 Qc4 23. Nc1 Be5 24. Ncb3 Rac8 25. f4 Bxd4+ 26. Nxd4 Bd3 27. Rf2 f5 28. Rd2 Be4 29. Qh5 Rf8 30. Re1 Nd6 31. a4 Qc7 32. Ne6 Qf7 33. Qxf7+ Rxf7 34. Nc5 Nc4 35. Rf2 a5 36. Bc1 Rf6 37. Be3 Nxe3 38. Rxe3 axb4 39. cxb4 Rb6 40. Nxe4 fxe4 41. b5 Ra8 42. Rd2 Rxa4 43. Rxd5 Rb4 44. Kf2 R6xb5 45. Rxb5 Rxb5 46. Rxe4 Kf7 47. Ra4 Rb3 48. Re4 Kf6 49. Re3 Rb4 50. Kf3 g5 51. g3 gxf4 52. gxf4 Kf5 53. Re5+ Kf6 54. Kg4 Ra4 55. Rb5 Ra6 56. Kh5 Kg7 57. h4 Ra4 58. Kg4 Kf6 59. Rb6+ Kg7 60. Rb7+ Kf6 61. h5 Ra1 62. Rb6+ Kg7 63. Rg6+ Kh7 64. Re6 Kg7 65. Rg6+ Kh7 1/2-1/2

[Event "Asian-ch Seniors 50"]
[Site "Auckland"]
[Date "2022.10.21"]
[Round "9"]
[White "McLaren, Leonard"]
[Black "Ebenezer, Joseph"]
[Result "1-0"]
[WhiteElo "2106"]
[BlackElo "1821"]
[PlyCount "43"]
[EventDate "2022.10.15"]
[EventType "swiss"]
[EventRounds "9"]
[EventCountry "NZL"]
[SourceTitle "EXT 2024"]
[Source "ChessBase"]
[SourceDate "2023.10.10"]
[SourceVersion "1"]
[SourceVersionDate "2023.10.10"]
[SourceQuality "1"]

1. e4 e6 2. d4 d5 3. Bd3 c5 4. exd5 Qxd5 5. Nc3 Qxd4 6. Nb5 Qd8 7. Bf4 Na6 8. Qe2 Nf6 9. 0-0-0 Qa5 10. a3 Be7 11. Nd6+ Kf8 12. Nf3 Nd5 13. Bg3 Bf6 14. Be5 Qb6 15. Nc4 Qc6 16. Rhe1 b5 17. Ne3 Nxe3 18. Bxb5 Qb6 19. fxe3 Bxe5 20. Nxe5 f6 21. Qh5 g6 22. Nxg6+ 1-0

[Event "IND-ch Blitz"]
[Site "Nashik"]
[Date "2022.04.30"]
[Round "2"]
[White "Ebenezer, Joseph"]
[Black "Neelotpal, Das"]
[Result "0-1"]
[WhiteElo "1861"]
[BlackElo "2409"]
[PlyCount "71"]
[EventDate "2022.04.30"]
[EventType "swiss (blitz)"]
[EventRounds "11"]
[EventCountry "IND"]
[SourceTitle "CBM 208 Extra"]
[Source "ChessBase"]
[SourceDate "2022.07.31"]
[SourceVersion "1"]
[SourceVersionDate "2022.07.31"]
[SourceQuality "1"]

1. e4 c5 2. Nc3 Nc6 3. g3 g6 4. Bg2 Bg7 5. d3 d6 6. Be3 Rb8 7. Qd2 b5 8. Nh3 b4 9. Nd1 Nd4 10. Nf4 Nf6 11. h3 0-0 12. c3 Nc6 13. Ne2 Ba6 14. c4 Nd7 15. Bh6 e5 16. h4 f6 17. Bxg7 Kxg7 18. h5 g5 19. h6+ Kh8 20. Ne3 Nd4 21. Nxd4 cxd4 22. Nf5 Nc5 23. b3 Bc8 24. Bh3 a5 25. Ng7 g4 26. Bg2 a4 27. Rb1 axb3 28. axb3 Ra8 29. 0-0 Qb6 30. Ra1 Nxb3 31. Qb2 Nxa1 32. Rxa1 Rxa1+ 33. Qxa1 b3 34. Qb2 Qb4 35. Qa1 b2 36. f4 0-1

[Event "IND-ch Blitz"]
[Site "Nashik"]
[Date "2022.04.30"]
[Round "7"]
[White "Ebenezer, Joseph"]
[Black "Sriram, Jha"]
[Result "0-1"]
[WhiteElo "1861"]
[BlackElo "2358"]
[PlyCount "77"]
[EventDate "2022.04.30"]
[EventType "swiss (blitz)"]
[EventRounds "11"]
[EventCountry "IND"]
[SourceTitle "CBM 208 Extra"]
[Source "ChessBase"]
[SourceDate "2022.07.31"]
[SourceVersion "1"]
[SourceVersionDate "2022.07.31"]
[SourceQuality "1"]

1. e4 d6 2. Nc3 Nf6 3. g3 g6 4. Bg2 Bg7 5. d3 0-0 6. h3 Nc6 7. Be3 e5 8. Qd2 Nd4 9. Nce2 c5 10. c3 Nc6 11. Bh6 d5 12. exd5 Nxd5 13. h4 Nf4 14. Bxf4 exf4 15. Nxf4 Ne5 16. Nge2 Bg4 17. 0-0-0 Nf3 18. Bxf3 Bxf3 19. Qe3 Bxh1 20. Rxh1 Re8 21. Qxc5 Rc8 22. Qb4 Qd7 23. h5 Qg4 24. hxg6 hxg6 25. Nd4 a5 26. Qxb7 Bxd4 27. Nd5 Qe6 28. Kb1 Rb8 29. Ne7+ Qxe7 30. Qxe7 Rxe7 31. cxd4 Re2 32. b3 Rd8 33. Rc1 Rxd4 34. Rc5 a4 35. Rc8+ Kg7 36. bxa4 Rxa4 37. f4 Raxa2 38. Rc7 Rad2 39. Rc3 0-1

[Event "Commonwealth-ch"]
[Site "Chennai"]
[Date "2012.11.25"]
[Round "5"]
[White "Rathnakaran, Kantholi"]
[Black "Ebenezer, Joseph"]
[Result "1-0"]
[WhiteElo "2430"]
[BlackElo "2072"]
[PlyCount "121"]
[EventDate "2012.11.23"]
[EventType "swiss"]
[EventRounds "11"]
[EventCountry "IND"]
[SourceTitle "CBM 151 Extra"]
[Source "ChessBase"]
[SourceDate "2012.12.18"]
[SourceVersion "1"]
[SourceVersionDate "2012.12.18"]
[SourceQuality "1"]

1. e4 e6 2. d3 g6 3. Nf3 Bg7 4. g3 e5 5. Bg2 Nc6 6. 0-0 d6 7. c3 Nge7 8. d4 Bg4 9. d5 Nb8 10. h3 Bd7 11. c4 a5 12. Nc3 Na6 13. Rb1 0-0 14. a3 f5 15. b4 axb4 16. axb4 h6 17. Kh2 f4 18. g4 g5 19. Ne1 Ng6 20. Nd3 Nh4 21. f3 Kf7 22. c5 Rh8 23. c6 bxc6 24. dxc6 Be6 25. b5 Nc5 26. Nxc5 dxc5 27. Qxd8 Rhxd8 28. Rd1 Rxd1 29. Nxd1 Ra2 30. Bb2 Bf8 31. Nc3 Ra5 32. Rd1 c4 33. Ra1 Rxa1 34. Bxa1 Bc5 35. Nd5 Bxd5 36. exd5 Bd6 37. Kh1 Ke7 38. Bc3 Kd8 39. Bf1 Nxf3 40. Bxc4 e4 41. Be2 Ne5 42. Bd4 f3 43. Bd1 Nd3 44. Kg1 Nf4 45. Kf1 Nxd5 46. Kf2 Nf4 47. Ke3 Ne6 48. Bf6+ Be7 49. Bxe7+ Kxe7 50. Kxe4 Kd6 51. Bxf3 Kc5 52. Ke5 Nd4 53. Bh1 Nxb5 54. Kf6 Nd4 55. Kg6 Kd6 56. Kxh6 Ne6 57. Be4 Ke5 58. Bf5 Nd4 59. Kxg5 Nxc6 60. h4 Ne7 61. h5 1-0

[Event "IND-chB 45th"]
[Site "Dindigul"]
[Date "2007.06.12"]
[Round "2"]
[White "Mohota, Nisha"]
[Black "Ebenezer, Joseph"]
[Result "1-0"]
[WhiteElo "2311"]
[BlackElo "2142"]
[PlyCount "72"]
[EventDate "2007.06.11"]
[EventType "swiss"]
[EventRounds "12"]
[EventCountry "IND"]
[SourceTitle "CBM 119 Extra"]
[Source "ChessBase"]
[SourceDate "2007.09.04"]
[SourceVersion "1"]
[SourceVersionDate "2007.09.04"]
[SourceQuality "1"]

1. d4 Nf6 2. c4 g6 3. Nc3 Bg7 4. e4 d6 5. Nf3 0-0 6. Be2 e5 7. Be3 Ng4 8. Bg5 f6 9. Bc1 a5 10. h3 Nh6 11. dxe5 fxe5 12. c5 dxc5 13. Bc4+ Kh8 14. Qxd8 Rxd8 15. Bg5 Re8 16. Nd5 Ra7 17. Nxc7 Rf8 18. Nb5 Ra6 19. Be7 Rf4 20. 0-0-0 Nc6 21. Bxc5 b6 22. Be3 Rxe4 23. Nd6 Rxc4+ 24. Nxc4 b5 25. Nb6 Bf5 26. Rd6 Be4 27. Ng5 Bxg2 28. Rhd1 Bf8 29. Rxc6 Bxc6 30. Rd8 Kg7 31. Ne6+ Kf7 32. Nxf8 Nf5 33. Bc5 h5 34. Rc8 Bg2 35. Rc7+ Kf6 36. Nfd7+ Ke6 1-0

[Event "Tamil Nadu State-ch 54th"]
[Site "Chennai"]
[Date "2006.05.28"]
[Round "9"]
[White "Ebenezer, Joseph"]
[Black "Jaya, Ananthram AD"]
[Result "1-0"]
[WhiteElo "2148"]
[BlackElo "2001"]
[PlyCount "43"]
[EventDate "2006.05.20"]
[EventType "swiss"]
[EventRounds "11"]
[EventCountry "IND"]
[SourceTitle "EXT 2010"]
[Source "ChessBase"]
[SourceDate "2010.11.25"]
[SourceVersion "1"]
[SourceVersionDate "2010.11.25"]
[SourceQuality "1"]

1. e4 c5 2. Nc3 Nc6 3. g3 d6 4. Bg2 g6 5. d3 Bg7 6. Be3 Nf6 7. h3 Qc7 8. Qd2 a6 9. Bh6 0-0 10. h4 Re8 11. Bxg7 Kxg7 12. h5 Nxh5 13. Bf3 e6 14. g4 Nf6 15. Qh6+ Kg8 16. g5 Nd7 17. 0-0-0 Nf8 18. e5 d5 19. Bxd5 f5 20. gxf6 Nxe5 21. Bf3 Bd7 22. Qg7# 1-0

[Event "Chennai WinTV op 1st"]
[Site "Chennai"]
[Date "2004.01.31"]
[Round "12"]
[White "Babu, N Sudhakar"]
[Black "Ebenezer, Joseph"]
[Result "1-0"]
[WhiteElo "2339"]
[BlackElo "2203"]
[PlyCount "40"]
[EventDate "2004.01.21"]
[EventType "swiss"]
[EventRounds "13"]
[EventCountry "IND"]
[SourceTitle "CBM 098 Extra"]
[Source "ChessBase"]
[SourceDate "2004.03.10"]
[SourceVersion "2"]
[SourceVersionDate "2004.03.10"]
[SourceQuality "1"]

1. d4 Nf6 2. c4 g6 3. Nc3 Bg7 4. e4 d6 5. f3 0-0 6. Bg5 c5 7. d5 h6 8. Bf4 Nh5 9. Be3 e5 10. Qd2 f5 11. Bxh6 Qh4+ 12. Kd1 Ng3 13. Bxg7 Kxg7 14. Qe1 Rh8 15. hxg3 Qxh1 16. Nh3 a6 17. Kc2 fxe4 18. Nf2 Qh5 19. Nfxe4 Qf5 20. Bd3 Qf8 1-0

[Event "Chennai WinTV op 1st"]
[Site "Chennai"]
[Date "2004.01.30"]
[Round "11"]
[White "Ebenezer, Joseph"]
[Black "Karthikeyan, Pandian"]
[Result "1-0"]
[WhiteElo "2203"]
[BlackElo "2017"]
[PlyCount "80"]
[EventDate "2004.01.21"]
[EventType "swiss"]
[EventRounds "13"]
[EventCountry "IND"]
[SourceTitle "CBM 098 Extra"]
[Source "ChessBase"]
[SourceDate "2004.03.10"]
[SourceVersion "2"]
[SourceVersionDate "2004.03.10"]
[SourceQuality "1"]

1. e4 c5 2. Nc3 Nc6 3. g3 e6 4. Bg2 Nf6 5. d3 d5 6. exd5 exd5 7. Bg5 d4 8. Ne4 Be7 9. Bxf6 gxf6 10. Qe2 Be6 11. Nh3 f5 12. Nd2 Nb4 13. 0-0 Nd5 14. Rfe1 Qc7 15. Nc4 Rd8 16. Qh5 Nf6 17. Qe2 Nd5 18. a4 Rg8 19. Ne5 Kf8 20. Bxd5 Rxd5 21. Nf4 Rd6 22. Qh5 Bg5 23. Nxe6+ Rxe6 24. Nc4 Rh6 25. Qf3 f4 26. Re5 fxg3 27. hxg3 Qc6 28. Qxc6 Rxc6 29. Rae1 b6 30. Rd5 Re6 31. Ree5 Bf6 32. Re4 Ke7 33. Kg2 Rd8 34. Rh5 Rxe4 35. dxe4 d3 36. cxd3 Rxd3 37. e5 Bg7 38. Rxh7 Kf8 39. Rh4 Ke7 40. Rg4 Bf8 1-0

[Event "Chennai WinTV op 1st"]
[Site "Chennai"]
[Date "2004.01.22"]
[Round "3"]
[White "Shetty, Rahul"]
[Black "Ebenezer, Joseph"]
[Result "1-0"]
[WhiteElo "2382"]
[BlackElo "2203"]
[PlyCount "107"]
[EventDate "2004.01.21"]
[EventType "swiss"]
[EventRounds "13"]
[EventCountry "IND"]
[SourceTitle "CBM 098 Extra"]
[Source "ChessBase"]
[SourceDate "2004.03.10"]
[SourceVersion "2"]
[SourceVersionDate "2004.03.10"]
[SourceQuality "1"]

1. e4 e6 2. d4 d5 3. Nc3 Bb4 4. e5 c5 5. a3 Bxc3+ 6. bxc3 Qc7 7. Nf3 Ne7 8. a4 b6 9. Bb5+ Bd7 10. Bd3 c4 11. Bf1 Nbc6 12. h4 0-0-0 13. h5 h6 14. g3 Rdg8 15. Bh3 g5 16. Bg4 Rf8 17. Qe2 Ng8 18. Ba3 Re8 19. Bd6 Qd8 20. Nd2 Na5 21. f4 f5 22. exf6 Nxf6 23. Bf3 g4 24. Bg2 Bxa4 25. Be5 Bb5 26. Nf1 Rhg8 27. Ne3 Nc6 28. Kf2 a6 29. Rh4 Nxe5 30. dxe5 Nd7 31. Rxg4 Ref8 32. Rxg8 Rxg8 33. Rd1 Qf8 34. Bh3 Qe7 35. Ng4 Kb7 36. Nf6 Rf8 37. Nxd7 Bxd7 38. Qe3 Kc6 39. f5 exf5 40. Qxh6+ Kc7 41. Rxd5 Qe6 42. Rxd7+ Qxd7 43. Qxf8 Qd2+ 44. Kg1 Qe3+ 45. Kh2 Qe2+ 46. Bg2 Qxh5+ 47. Kg1 Qd1+ 48. Bf1 Qe1 49. Qd6+ Kb7 50. e6 Qe3+ 51. Kh2 Qh6+ 52. Kg2 f4 53. Qd7+ Kb8 54. e7 1-0

[Event "Commonwealth-ch"]
[Site "Mumbai"]
[Date "2003.04.26"]
[Round "9"]
[White "Ebenezer, Joseph"]
[Black "Saravanan, Venkat"]
[Result "0-1"]
[WhiteElo "2200"]
[BlackElo "2358"]
[PlyCount "64"]
[EventDate "2003.04.20"]
[EventType "swiss"]
[EventRounds "10"]
[EventCountry "IND"]
[SourceTitle "CBM 093 Extra"]
[Source "ChessBase"]
[SourceDate "2003.05.09"]
[SourceVersion "1"]
[SourceVersionDate "2003.05.09"]
[SourceQuality "1"]

1. e4 c5 2. Nc3 Nc6 3. f4 g6 4. Nf3 Bg7 5. Bb5 Nd4 6. 0-0 a6 7. Bd3 d6 8. Nxd4 cxd4 9. Ne2 Nf6 10. c3 dxc3 11. bxc3 0-0 12. Bc2 b5 13. d4 Bb7 14. Ng3 Rc8 15. Bd2 Nd7 16. f5 b4 17. fxg6 hxg6 18. Ne2 bxc3 19. Bxc3 e6 20. Rb1 Ba8 21. Bb4 Nf6 22. Ng3 Ng4 23. Rb3 Qh4 24. h3 Rxc2 25. Qxc2 Bxd4+ 26. Kh1 Be5 27. Be1 Nf6 28. Rb1 Bxg3 29. Bxg3 Qxg3 30. e5 Qxh3+ 31. Kg1 Qe3+ 32. Kh1 Ne4 0-1

[Event "IND-chB"]
[Site "Jamshedpur"]
[Date "2000.10.14"]
[Round "5"]
[White "Ebenezer, Joseph"]
[Black "Bakre, Tejas"]
[Result "0-1"]
[WhiteElo "2224"]
[BlackElo "2358"]
[PlyCount "58"]
[EventDate "2000.10.??"]
[EventType "swiss"]
[EventRounds "13"]
[EventCountry "IND"]
[SourceTitle "EXT 2002"]
[Source "ChessBase"]
[SourceDate "2001.11.25"]
[SourceVersion "1"]
[SourceVersionDate "2001.11.25"]
[SourceQuality "1"]

1. e4 c5 2. Nc3 Nc6 3. g3 g6 4. Bg2 Bg7 5. d3 d6 6. Be3 e5 7. Qd2 Nge7 8. Bh6 Bxh6 9. Qxh6 Nd4 10. Qd2 Qa5 11. h3 Nec6 12. Rc1 Be6 13. a3 Rc8 14. Nd5 Bxd5 15. exd5 Qxd2+ 16. Kxd2 Ne7 17. Ne2 Nxe2 18. Kxe2 g5 19. f4 gxf4 20. gxf4 Rg8 21. Bf3 Ng6 22. fxe5 dxe5 23. Be4 Nf4+ 24. Kf3 Ke7 25. Bxh7 Rg7 26. Be4 Rcg8 27. Kf2 f5 28. Bf3 Rg3 29. Rcf1 Kd6 0-1